Best Non-EU Passports - Statistics

General Stats
  • This quiz has been taken 79 times
    45 since last reset
  • The average score is 18 of 26
Answer Stats
Hint Answer % Correct
5 United States of America
92%
5 Australia
89%
4 Japan
89%
1 United Arab Emirates
89%
7 Canada
86%
4 New Zealand
86%
11 Argentina
83%
11 Chile
83%
3 Singapore
83%
3 South Korea
83%
10 Brazil
81%
15 Mexico
78%
11 China (Hong Kong)
75%
9 Malaysia
67%
4 United Kingdom
64%
13 Brunei
61%
18 Peru
61%
16 Uruguay
61%
14 Israel
56%
16 Bahamas
50%
15 Barbados
50%
19 Saint Kitts and Nevis
50%
20 Antigua and Barbuda
44%
19 Saint Vincent and the Grenadines
44%
19 Seychelles
42%
17 Ukraine
36%
No matching quizzes found
Score Distribution
Percent of People with Each Score
Percentile by Number Answered
Your Score History
You have not taken this quiz since the last reset